C lculo del diametro de una columna de destilación / Guadalupe Noelle Soriano Madrigal (Registro nro. 17087)
[ vista simple ]
| 000 -LÍDER | |
|---|---|
| fixed length control field | 00495nam a2200133 4500 |
| 008 - ELEMENTOS DE LONGITUD FIJA -- INFORMACIÓN GENERAL | |
| fixed length control field | 0 2003 0a 000 0MEX |
| 050 ## - SIGNATURA TOPOGRAFICA DE LA BIBLIOTECA DEL CONGRESO (LC) | |
| Número de Clasificación | TP155 M6 S6 2003 |
| 082 ## - NUMERO DE CLASIFICACION DECIMAL DEWEY | |
| Número de Clasificación | 660.284.25 S6c |
| 100 ## - ASIENTO PRINCIPAL--NOMBRE PERSONAL | |
| Nombre personal | Soriano Madrigal, Guadalupe Noelle |
| 245 ## - TÍTULO | |
| Título | C lculo del diametro de una columna de destilación / Guadalupe Noelle Soriano Madrigal |
| 300 ## - DESCRIPCIÓN FÍSICA | |
| Extensión | 44 p. / 29 cm. |
| 502 ## - NOTA DE TESIS | |
| Nota de tesis | Monografía. Opción v. I.T.Z. ( Química ) M.C. Jorge Rosales P‚rez |
| 650 ## - ASIENTO SECUNDARIO DE MATERIA - TERMINO TEMÁTICO | |
| Término temático o nombre geográfico como elemento de entrada | 1.COLUMNAS DE DESTILACION |
| No. biblioteca | No. biblioteca | Número de clasificación | Código de barras/Número de adquisición | Número de copia | Tipo de material |
|---|---|---|---|---|---|
| LUIS G. INCLAN | LUIS G. INCLAN | 660.284.25 S6c | Q55-2003 | 1 | Libros |
